| 000 | 01258nam a22003617a 4500 | ||
|---|---|---|---|
| 999 |
_c1427 _d1427 |
||
| 003 | AR-CdUCM | ||
| 008 | 190227b ||||| |||| 00| 0 spa d | ||
| 040 |
_aMUNICIPALIDAD PROVINCIAL DEL CUSCO _cBIBLIOTECA MUNICIPAL DEL CUSCO |
||
| 082 |
_a985.0013 / _bS23 |
||
| 110 |
_aEmpresa Editora Amauta (Lima) _95413 |
||
| 245 |
_aSiete ensayos : _b50 años en la historia / |
||
| 260 |
_aLima : _bAmauta, _c1981. |
||
| 300 |
_a295 páginas ; _c24 cm. |
||
| 505 | _aEl siglo de Mariategui -- Introducción a los 7 ensayos -- La vigencia de Mariategui -- Para leer a Mariategui -- Los intelectuales y el problema nacional... | ||
| 650 |
_aMariategui _95414 |
||
| 650 |
_aPerú _935 |
||
| 650 |
_aSocialismo _91037 |
||
| 650 |
_aCiencias Sociales _91096 |
||
| 650 |
_aHistoria _9136 |
||
| 700 |
_aRomero, Emilio _91531 |
||
| 700 |
_aBasadre, Jorge _9198 |
||
| 700 |
_aBurga, Manuel _92836 |
||
| 700 |
_aEscajadillo, Tomas _95415 |
||
| 700 |
_aFlores Galindo. Alberto _92837 |
||
| 700 |
_aGermana, Cesar _95416 |
||
| 700 |
_aKapsoli, Wilfredo _95417 |
||
| 700 |
_aLevano, Cesar _95418 |
||
| 700 |
_aMontiel, Edgar _95419 |
||
| 700 |
_aRoddriguez, Humberto _95420 |
||
| 700 |
_aRengifo, Antonio _95421 |
||
| 942 |
_2ddc _cLIBROS |
||
| 945 |
_admma _d2019-02-27 |
||